000 01097nam a2200301Ia 4500
003 GCL
008 140319s9999 xx 000 0 ara d
020 _a8576086977
040 _aGCL /
_cGCL
082 0 4 _aق
_b728.82
_bم ق
100 1 _aمحمود عباس احمد عبدالرحمن
245 1 0 _aالقصور الملكية فى مصر : تاريخ وحضارة (1805 - 1952 ) /
_cمحمود عباس احمد عبدالرحمن
250 _aالاولى
260 _aالقاهرة :
_bالدار العالمية للنشر والتوزيع ،
_c2005
300 _a185 ص:
_bصور ؛
_c24 سم
650 0 4 _aالقصور
650 0 4 _aالقصور العربية
650 0 4 _aمصر - تاريخ
650 0 4 _aمصر - الملوك والحكام
650 0 4 _aمصر - القصور
650 0 4 _aمحمد على باشا - القصور
650 0 4 _aقصر الجوهرة
650 0 4 _aقصور الحرملك
650 0 4 _aقصر راس التين
650 0 4 _aعباس حلمى الاول - القصور
650 0 4 _aقصر عابدين
942 _2ddc
_cBK
999 _c10143
_d10143